00185nam a2200085Ia 4500008004100000041000800041100001800049245002300067260000900090230508s1990 xx 000 0 und d aeng aGROB BERNARD. aBASIC ELECTRONICS. c1990